| 000 | 01225nam a2200313Ia 4500 | ||
|---|---|---|---|
| 003 | GCL | ||
| 008 | 140319s9999 xx 000 0 ara d | ||
| 020 | _a9212905977 | ||
| 040 |
_aGCL / _cGCL |
||
| 082 | 0 | 4 |
_aق _b307.14 _bع ت |
| 100 | 1 | _aعلى الدجوى | |
| 245 | 1 | 0 |
_aالتنمية والمستقبل فى المجتمع المصرى : _bالطفولة - الشباب - المراة / _cعلى الدجوى |
| 260 |
_aالقاهرة : _bمكتبة الانجلوالمصرية ، _c2005 |
||
| 300 |
_a253 ص ؛ _c24 سم |
||
| 650 | 0 | 4 | _aالمرأة فى الحياة العامة |
| 650 | 0 | 4 | _aالتلوث |
| 650 | 0 | 4 | _aالمجتمع المصرى |
| 650 | 0 | 4 | _aالفقر |
| 650 | 0 | 4 | _aالاطفال الموهوبون |
| 650 | 0 | 4 | _aالاطفال - قوانين وتشريعات |
| 650 | 0 | 4 | _aالمرأة المصرية |
| 650 | 0 | 4 | _aتعليم الاطفال - مصر |
| 650 | 0 | 4 | _aمصر - الاحوال الاجتماعية - العصر الحديث |
| 650 | 0 | 4 | _aالتطور الاجتماعى - مصر |
| 650 | 0 | 4 | _aالاطفال - مخاوف |
| 650 | 0 | 4 | _aالاطفال - رعاية صحية |
| 650 | 0 | 4 | _aالشباب - مشاكل اجتماعية - مصر |
| 942 |
_2ddc _cBK |
||
| 999 |
_c9811 _d9811 |
||